000 00645nam a2200229 a 4500
003 DO-SdBNP
005 20240724123526.0
007 ta
008 220119e2109 dr ac||fr|||| 000 e spa d
020 _a9788417698744
040 _aDO-SdBNP
_bspa
_cBNPHU
082 4 _222
_bR173f
100 1 _aRamírez Medina, Rafael Bienvenido.
_980975
245 1 0 _aFinanzas para no financieros /
_cRafael Bienvenido Ramírez Medina
260 _aSevilla :
_bAlbores,
_c2019
300 _a183 p. ;
_c22 cm.
590 _aInventariado 2022 / MF
650 0 _aFinanzas
_9641
650 4 _98282
_aFinanzas Personales
910 _aMFéliz
942 _2ddc
_cLBS1
999 _c51197
_d51197